[Event "Villa Martelli Pro Am op 16th"]
[Site "Villa Martelli"]
[Date "2009.10.23"]
[Round "8"]
[White "Malbran, Guillermo"]
[Black "Alvarez, Roberto Gabriel"]
[Result "1/2-1/2"]
[WhiteElo "2195"]
[BlackElo "2097"]
[PlyCount "26"]
[EventDate "2009.10.15"]
[EventType "swiss"]
[EventRounds "9"]
[EventCountry "ARG"]
[SourceTitle "CBM 132 Extra"]
[Source "ChessBase"]
[SourceDate "2009.11.03"]
[SourceVersion "1"]
[SourceVersionDate "2009.11.03"]
[SourceQuality "1"]

1. e4 d6 2. d4 Nf6 3. Nc3 e5 4. Nf3 Nbd7 5. Bc4 Be7 6. 0-0 0-0 7. Re1 c6 8. a4 b6 9. Ba2 Bb7 10. Nh4 exd4 11. Qxd4 d5 12. exd5 Bc5 13. Qf4 cxd5 1/2-1/2

[Event "Villa Martelli Pro Am op 16th"]
[Site "Villa Martelli"]
[Date "2009.10.19"]
[Round "4"]
[White "Scarella, Enrique Alejandro"]
[Black "Alvarez, Roberto Gabriel"]
[Result "1-0"]
[WhiteElo "2361"]
[BlackElo "2097"]
[PlyCount "71"]
[EventDate "2009.10.15"]
[EventType "swiss"]
[EventRounds "9"]
[EventCountry "ARG"]
[SourceTitle "CBM 132 Extra"]
[Source "ChessBase"]
[SourceDate "2009.11.03"]
[SourceVersion "1"]
[SourceVersionDate "2009.11.03"]
[SourceQuality "1"]

1. d4 Nf6 2. Nf3 d5 3. c4 e6 4. Nc3 Be7 5. Bg5 Nbd7 6. e3 0-0 7. Rc1 dxc4 8. Bxc4 a6 9. a4 c5 10. 0-0 cxd4 11. exd4 Nb6 12. Ba2 Nbd5 13. Ne5 Bd7 14. Qf3 Bc6 15. Qh3 Nxc3 16. bxc3 Ne4 17. Bxe7 Qxe7 18. Bb1 Nf6 19. Qh4 g6 20. Rfe1 Nd5 21. Qh6 Qf6 22. c4 Ne7 23. d5 Bxa4 24. Ng4 Qg7 25. Qh4 Nf5 26. Bxf5 exf5 27. Nf6+ Kh8 28. Re3 g5 29. Qd4 h6 30. Qb6 Bc6 31. Nh5 Qg6 32. dxc6 Qxh5 33. cxb7 Rad8 34. Rce1 Qg4 35. Qxh6+ Kg8 36. Rh3 1-0

[Event "Villa Martelli Pro Am op 16th"]
[Site "Villa Martelli"]
[Date "2009.10.15"]
[Round "1"]
[White "Alvarez, Roberto Gabriel"]
[Black "Ariganello, Sebastian"]
[Result "1/2-1/2"]
[WhiteElo "2097"]
[BlackElo "1716"]
[PlyCount "95"]
[EventDate "2009.10.15"]
[EventType "swiss"]
[EventRounds "9"]
[EventCountry "ARG"]
[SourceTitle "CBM 132 Extra"]
[Source "ChessBase"]
[SourceDate "2009.11.03"]
[SourceVersion "1"]
[SourceVersionDate "2009.11.03"]
[SourceQuality "1"]

1. d4 Nf6 2. Nf3 e6 3. e3 b6 4. Bd3 Bb7 5. Nbd2 Be7 6. b3 c5 7. Bb2 cxd4 8. exd4 0-0 9. 0-0 Nc6 10. c4 d5 11. Qe2 dxc4 12. bxc4 Rc8 13. Rad1 Qc7 14. Rfe1 Rfd8 15. Bb1 Na5 16. Ne5 Bb4 17. Rc1 Nc6 18. Nef3 Qf4 19. Qe3 Qxe3 20. fxe3 Na5 21. a3 Bxd2 22. Nxd2 Ba6 23. Ba2 Rc7 24. d5 exd5 25. Bxf6 gxf6 26. cxd5 Rcd7 27. Rc3 Nb7 28. e4 Nc5 29. Rg3+ Kh8 30. Bb1 f5 31. exf5 Rxd5 32. Ne4 Nxe4 33. Bxe4 Rd1 34. Rxd1 Rxd1+ 35. Kf2 Rd4 36. Re3 Kg7 37. f6+ Kxf6 38. Bxh7 Rh4 39. Bd3 Bxd3 40. Rxd3 Rxh2 41. Rd7 Rh8 42. Rxa7 Rb8 43. a4 b5 44. a5 b4 45. a6 b3 46. Rb7 Ra8 47. Rxb3 Rxa6 48. Rh3 1/2-1/2

[Event "Villa Martelli Pro Am op 15th"]
[Site "Villa Martelli"]
[Date "2008.10.18"]
[Round "9.13"]
[White "Alvarez, Roberto Gabriel"]
[Black "Scarella, Enrique Alejandro"]
[Result "0-1"]
[WhiteElo "2099"]
[BlackElo "2368"]
[PlyCount "58"]
[EventDate "2008.10.10"]
[EventType "swiss"]
[EventRounds "9"]
[EventCountry "ARG"]
[SourceTitle "EXT 2019"]
[Source "ChessBase"]
[SourceDate "2018.10.10"]
[SourceVersion "1"]
[SourceVersionDate "2018.10.10"]
[SourceQuality "1"]

1. d4 Nf6 2. c4 e6 3. Nf3 d5 4. e3 Be7 5. Nc3 0-0 6. Bd3 c5 7. 0-0 Nc6 8. a3 cxd4 9. exd4 b6 10. cxd5 Nxd5 11. Nxd5 Qxd5 12. Qc2 f5 13. Bc4 Nxd4 14. Nxd4 Qxd4 15. Re1 Bf6 16. Rb1 Kh8 17. Bxe6 Bxe6 18. Rxe6 Qd5 19. Re1 Rac8 20. Qa4 Rc4 21. Qe8 Qg8 22. Qe6 Qxe6 23. Rxe6 Rc2 24. Re1 Bd4 25. Be3 Bxb2 26. a4 f4 27. Bc1 Bd4 28. Rf1 f3 29. Bb2 Bxb2 0-1

[Event "Villa Ballester de Invierno op 8th"]
[Site "Villa Ballester"]
[Date "2008.08.22"]
[Round "5"]
[White "Yakisich, Marcelo"]
[Black "Alvarez, Roberto Gabriel"]
[Result "1-0"]
[WhiteElo "1868"]
[BlackElo "2109"]
[PlyCount "77"]
[EventDate "2008.08.16"]
[EventType "swiss"]
[EventRounds "7"]
[EventCountry "ARG"]
[SourceTitle "CBM 126 Extra"]
[Source "ChessBase"]
[SourceDate "2008.11.05"]
[SourceVersion "1"]
[SourceVersionDate "2008.11.05"]
[SourceQuality "1"]

1. Nf3 f5 2. d4 Nf6 3. c4 g6 4. Nc3 Bg7 5. g3 0-0 6. Bg2 d6 7. 0-0 Nc6 8. d5 Ne5 9. Qb3 h6 10. Bf4 Nh5 11. Bd2 a6 12. e3 g5 13. Ne2 Qe8 14. Bc3 f4 15. exf4 gxf4 16. Ned4 Bf6 17. Ne6 Bxe6 18. dxe6 fxg3 19. fxg3 Ng4 20. Rae1 Qc6 21. Nd4 Qc5 22. Qd1 Qg5 23. Qd3 Ne5 24. Qe2 Bg7 25. Rf7 Nxf7 26. exf7+ Rxf7 27. Bd5 Bxd4+ 28. Bxd4 e5 29. Be3 Qg6 30. Bxb7 Rff8 31. Qd2 Rab8 32. Bxh6 Rfe8 33. Be4 Qf6 34. Rf1 Nf4 35. Bxf4 exf4 36. Rxf4 Qg5 37. Rf8+ Kxf8 38. Qxg5 Rxe4 39. Qf5+ 1-0

[Event "ARG-chT"]
[Site "Villa Martelli"]
[Date "2008.08.16"]
[Round "2"]
[White "Pichot, Alan"]
[Black "Alvarez, Roberto Gabriel"]
[Result "0-1"]
[WhiteElo "1926"]
[BlackElo "2109"]
[PlyCount "100"]
[EventDate "2008.08.09"]
[EventType "team-tourn"]
[EventRounds "9"]
[EventCountry "ARG"]
[SourceTitle "EXT 2009"]
[Source "ChessBase"]
[SourceDate "2008.11.26"]
[SourceVersion "1"]
[SourceVersionDate "2008.11.26"]
[SourceQuality "1"]

1. e4 Nf6 2. Nc3 d5 3. exd5 Nxd5 4. Bc4 Nb6 5. Bb3 Nc6 6. Nf3 Bf5 7. d4 e6 8. Bf4 Bd6 9. Qd2 0-0 10. 0-0 Na5 11. Bxd6 Nxb3 12. axb3 cxd6 13. Ne2 Be4 14. Ne1 Qd7 15. f3 Bg6 16. c4 Qc7 17. f4 Nd7 18. Nc3 a6 19. g4 f6 20. Ng2 Bf7 21. Ne3 Rfe8 22. Rae1 Rad8 23. Qg2 Qb6 24. Qd2 Qxb3 25. Ne4 Nb6 26. Rc1 Na4 27. g5 f5 28. Nf2 Rc8 29. Nd3 b5 30. Ra1 bxc4 31. Ra3 Qb5 32. Nb4 a5 33. Na2 Ra8 34. Nxc4 Qxc4 35. b3 Qc6 36. bxa4 e5 37. fxe5 dxe5 38. Rxf5 exd4 39. Nc1 Qe4 40. Raf3 Qg4+ 41. Kf2 Qh4+ 42. Kf1 Bc4+ 43. Kg2 Qg4+ 44. Kf2 Qh4+ 45. Kg2 Re4 46. Nd3 Rae8 47. Rf2 Qg4+ 48. Kh1 Re3 49. Qc2 Qe4+ 50. Kg1 Qxd3 0-1

[Event "Villa Martelli Pro Am op 14th"]
[Site "Villa Martelli"]
[Date "2007.10.11"]
[Round "2"]
[White "Scarella, Enrique Alejandro"]
[Black "Alvarez, Roberto Gabriel"]
[Result "1/2-1/2"]
[WhiteElo "2344"]
[BlackElo "2097"]
[PlyCount "26"]
[EventDate "2007.10.18"]
[EventType "swiss"]
[EventRounds "9"]
[EventCountry "ARG"]
[SourceTitle "EXT 2008"]
[Source "ChessBase"]
[SourceDate "2007.11.25"]
[SourceVersion "1"]
[SourceVersionDate "2007.11.25"]
[SourceQuality "1"]

1. d4 Nf6 2. c4 e6 3. Nf3 d5 4. Nc3 Nbd7 5. Bg5 Bb4 6. e3 c5 7. cxd5 exd5 8. Bd3 Qa5 9. 0-0 c4 10. Bf5 Bxc3 11. bxc3 Qxc3 12. Qa4 0-0 13. Rfc1 Nb6 1/2-1/2

[Event "LNA Puma Cup"]
[Site "Argentina"]
[Date "2006.10.01"]
[Round "5"]
[White "Villanueva, Mario Nicolas"]
[Black "Alvarez, Roberto Gabriel"]
[Result "1-0"]
[WhiteElo "2251"]
[BlackElo "2132"]
[PlyCount "97"]
[EventDate "2006.09.03"]
[EventType "swiss"]
[EventRounds "8"]
[EventCountry "ARG"]
[SourceTitle "EXT 2008"]
[Source "ChessBase"]
[SourceDate "2007.11.25"]
[SourceVersion "1"]
[SourceVersionDate "2007.11.25"]
[SourceQuality "1"]

1. e4 Nf6 2. e5 Nd5 3. c4 Nb6 4. c5 Nd5 5. Bc4 e6 6. d4 d6 7. cxd6 cxd6 8. Nf3 Nb6 9. Bb5+ Bd7 10. Bxd7+ Qxd7 11. 0-0 d5 12. Nc3 Be7 13. Re1 Nc6 14. Qd3 Nb4 15. Qe2 h6 16. h4 a6 17. Bf4 Rc8 18. h5 Nc4 19. Rac1 b5 20. b3 Na3 21. Nd1 Rxc1 22. Bxc1 Nac2 23. Rf1 Qc6 24. a3 Na1 25. Ne3 Nxb3 26. axb4 Nxc1 27. Qd2 Nb3 28. Qb2 Bxb4 29. Qxb3 a5 30. Rb1 Kd7 31. Nc2 Qc4 32. Nxb4 Qxb3 33. Rxb3 axb4 34. Rxb4 Kc6 35. g4 Ra8 36. Kf1 Ra4 37. Rb2 f6 38. Ke2 b4 39. Nd2 fxe5 40. dxe5 Kb5 41. Kd3 Ra8 42. Nb3 Ra3 43. Kd4 Ra6 44. f4 Rc6 45. Nd2 Rc8 46. f5 exf5 47. gxf5 Rf8 48. e6 Kc6 49. Ke5 1-0

[Event "LNA Puma Cup"]
[Site "Argentina"]
[Date "2006.09.23"]
[Round "4"]
[White "Alvarez, Roberto Gabriel"]
[Black "Harper, Horacio Guillermo"]
[Result "1/2-1/2"]
[WhiteElo "2132"]
[BlackElo "2120"]
[PlyCount "41"]
[EventDate "2006.09.03"]
[EventType "swiss"]
[EventRounds "8"]
[EventCountry "ARG"]
[SourceTitle "EXT 2008"]
[Source "ChessBase"]
[SourceDate "2007.11.25"]
[SourceVersion "1"]
[SourceVersionDate "2007.11.25"]
[SourceQuality "1"]

1. d4 Nf6 2. c4 e6 3. Nf3 d5 4. Nc3 c6 5. e3 Nbd7 6. Qc2 Bd6 7. Bd3 0-0 8. 0-0 dxc4 9. Bxc4 e5 10. Rd1 Qe7 11. Ne4 Nxe4 12. Qxe4 Nf6 13. Qh4 e4 14. Nd2 Re8 15. Be2 Bf5 16. Nc4 Bc7 17. b3 Rad8 18. Ba3 Qe6 19. h3 Kh8 20. Bb2 Nd5 21. g4 1/2-1/2

[Event "Villa Ballester IRT op"]
[Site "Villa Ballester"]
[Date "2005.02.01"]
[Round "8"]
[White "Granara Barreto, Sebastian A"]
[Black "Alvarez, Roberto Gabriel"]
[Result "1-0"]
[WhiteElo "2238"]
[BlackElo "2133"]
[PlyCount "123"]
[EventDate "2005.01.22"]
[EventType "swiss"]
[EventRounds "9"]
[EventCountry "ARG"]
[SourceTitle "CBM 104 Extra"]
[Source "ChessBase"]
[SourceDate "2005.03.01"]
[SourceVersion "1"]
[SourceVersionDate "2005.03.01"]
[SourceQuality "1"]

1. e4 e6 2. d4 d5 3. Nc3 Bb4 4. e5 Ne7 5. a3 Bxc3+ 6. bxc3 b6 7. Qg4 Kf8 8. Nh3 Ng6 9. Bd3 Ba6 10. Bxa6 Nxa6 11. 0-0 Nb8 12. Bg5 Qd7 13. f4 h6 14. f5 exf5 15. Rxf5 Kg8 16. Raf1 Nc6 17. Bd2 Nce7 18. R5f4 Qe6 19. Qxe6 fxe6 20. R4f2 Rf8 21. Rxf8+ Nxf8 22. Nf4 Kh7 23. h4 Neg6 24. Nxg6 Kxg6 25. h5+ Kxh5 26. Rf7 g5 27. Rxc7 Rh7 28. Rc8 Rf7 29. c4 dxc4 30. Rxc4 Rd7 31. Be3 Kg4 32. Rc8 Ng6 33. Rc6 Kf5 34. Kf2 h5 35. g3 g4 36. Rc8 Ke4 37. Ke2 h4 38. Rg8 h3 39. Rxg6 Rh7 40. Rxg4+ Kd5 41. Bg1 h2 42. Bxh2 Rxh2+ 43. Kd3 b5 44. Rg7 Rg2 45. Rd7+ Kc6 46. Rxa7 Rxg3+ 47. Kd2 Kb6 48. Rd7 Rxa3 49. Rd6+ Kc7 50. Rxe6 b4 51. d5 b3 52. Rc6+ Kb7 53. cxb3 Rxb3 54. Rc3 Rb5 55. Rd3 Kc7 56. Ke3 Rb4 57. Rc3+ Kd7 58. Ra3 Rh4 59. Ra7+ Kd8 60. d6 Rb4 61. e6 Rb8 62. Rh7 1-0

[Event "Villa Ballester IRT op"]
[Site "Villa Ballester"]
[Date "2005.01.29"]
[Round "6"]
[White "Alvarez, Roberto Gabriel"]
[Black "Vidmar, Rafael Lucio"]
[Result "1-0"]
[WhiteElo "2133"]
[BlackElo "1909"]
[PlyCount "159"]
[EventDate "2005.01.22"]
[EventType "swiss"]
[EventRounds "9"]
[EventCountry "ARG"]
[SourceTitle "CBM 104 Extra"]
[Source "ChessBase"]
[SourceDate "2005.03.01"]
[SourceVersion "1"]
[SourceVersionDate "2005.03.01"]
[SourceQuality "1"]

1. d4 Nf6 2. c4 g6 3. Nc3 Bg7 4. e4 d6 5. Nf3 0-0 6. Be2 Nc6 7. d5 Nb8 8. h3 Nbd7 9. Be3 e5 10. Nd2 Ne8 11. g4 f6 12. Nf1 Rf7 13. Ng3 Bf8 14. Qc2 a5 15. b3 Nc5 16. 0-0-0 Na6 17. Rdg1 Nb4 18. Qb1 Ng7 19. a3 Na6 20. Bd3 c6 21. Kb2 Bd7 22. Ka1 Nc5 23. Bc2 Qb8 24. f3 b5 25. cxb5 cxb5 26. Nce2 Be8 27. h4 Bd7 28. Rh2 Qa7 29. Bf2 Qa6 30. h5 g5 31. Be3 h6 32. Nf1 Be8 33. Bc1 Rc7 34. Ne3 Bd7 35. Ng3 Rac8 36. Rd1 a4 37. b4 Nb3+ 38. Bxb3 axb3 39. Kb2 Qb6 40. Qd3 Rc3 41. Qxc3 Rxc3 42. Kxc3 Ne8 43. Kxb3 Qa7 44. Ne2 Nc7 45. Nc3 Na8 46. Rc2 Kf7 47. Ne2 Ke8 48. Bd2 Kd8 49. Rdc1 Qb7 50. Rc3 Qa6 51. R1c2 Qb7 52. Ng3 Qa6 53. Ngf5 Qb7 54. Be1 Qa6 55. Bf2 Qb7 56. Ng3 Qa6 57. Nef5 Qb7 58. Kb2 Qa6 59. Ne2 Qb7 60. Nc1 Nb6 61. Bxb6+ Qxb6 62. Nb3 Qa7 63. Na5 Qb6 64. Rd3 Qa6 65. Nc6+ Ke8 66. Nb8 Qb7 67. Nxd7 Kxd7 68. Rdc3 Qb6 69. Rc7+ Qxc7 70. Rxc7+ Kxc7 71. a4 bxa4 72. Ka3 Kb6 73. Kxa4 Ka6 74. b5+ Kb6 75. Kb4 Kb7 76. Ka5 Ka7 77. b6+ Kb8 78. Ka6 Ka8 79. b7+ Kb8 80. Kb6 1-0